000 00609nam a2200229Ia 4500
003 OSt
005 20220928114522.0
006 a|||||r|||| 00| 0
007 ta
008 220927b |||||||| |||| 00| 0 eng d
024 _a145430
037 _cTextual
040 _aSDCL
_cSDCL
_beng
041 _2eng
_aeng
082 _aY7654, L4
100 _aNsugbe Philip O
_9439330
245 0 _aOhafia
_b A matrilineal IBO People.
260 _aOxford
_bAt The Clarendon Press
_c1974
300 _ax,136p
_ccm.
942 _hY7654, L4
_cTEXL
_2CC
999 _c755030
_d755030